000 00258nam a22001097a 4500
008 170126b xxu||||| |||| 00| 0 eng d
020 _a9781401881320
041 _aeng
080 _23RD
_a61
245 _aCLINICAL MEDICAL ASSISTING
_cLIND, W.Q
942 _2udc
_cBK
999 _c3721
_d3721